[Event "Titled Tuesday intern op 16th Apr Early"]
[Site "Chess.com INT"]
[Date "2024.04.16"]
[Round "5"]
[White "Weishaeutel, Moritz"]
[Black "Becerra, Juan David"]
[Result "1-0"]
[WhiteElo "2379"]
[BlackElo "2296"]
[PlyCount "109"]
[EventDate "2024.04.16"]
[EventType "swiss (blitz)"]
[EventRounds "11"]
[EventCountry "USA"]
[SourceTitle "CB17_2024"]
[SourceDate "2024.04.24"]
[SourceVersion "1"]
[SourceVersionDate "2024.04.24"]
[SourceQuality "1"]

1. e4 e5 2. d4 exd4 3. Qxd4 Nc6 4. Qe3 g6 5. Nc3 Bg7 6. h4 Nf6 7. h5 Nxh5 8. Be2 Nf6 9. e5 Ng8 10. Nf3 h6 11. Bd2 Nge7 12. 0-0-0 d5 13. exd6 cxd6 14. Nd5 Be6 15. Bc3 Nxd5 16. Rxd5 Bxc3 17. Qxc3 Bxd5 18. Qxh8+ Kd7 19. Qxh6 Kc7 20. Rd1 Bxf3 21. Bxf3 Qf6 22. Qe3 Qe5 23. Qb3 Qf4+ 24. Kb1 Re8 25. a3 g5 26. g3 Qf5 27. Rd5 Re1+ 28. Ka2 Re5 29. Rd3 Rb5 30. Qc4 Rc5 31. Qb3 Qf6 32. Bxc6 bxc6 33. Rf3 Rf5 34. Rc3 Qe6 35. Rc4 Rf3 36. Qxf3 Qxc4+ 37. Qb3 Qxb3+ 38. Kxb3 c5 39. Kc4 Kc6 40. Kd3 d5 41. c4 d4 42. b4 a6 43. bxc5 Kxc5 44. g4 f6 45. f3 a5 46. a4 Kb4 47. Kxd4 Kxa4 48. Kc3 Ka3 49. c5 Ka2 50. c6 a4 51. c7 Kb1 52. c8Q a3 53. Qb7+ Ka2 54. Kc2 Ka1 55. Qb1# 1-0

[Event "Titled Tuesday intern op 16th Jan Early"]
[Site "Chess.com INT"]
[Date "2024.01.16"]
[Round "1"]
[White "Weishaeutel, Moritz"]
[Black "Baruch, Liam"]
[Result "1-0"]
[WhiteElo "2387"]
[BlackElo "1718"]
[PlyCount "59"]
[EventDate "2024.01.16"]
[EventType "swiss (blitz)"]
[EventRounds "11"]
[EventCountry "USA"]
[SourceTitle "CB04_2024"]
[SourceDate "2023.10.16"]
[SourceVersion "1"]
[SourceVersionDate "2023.10.16"]
[SourceQuality "1"]

1. e4 e5 2. d4 exd4 3. Qxd4 Nc6 4. Qe3 Nf6 5. e5 Nd5 6. Qe4 Nb6 7. Nf3 Bc5 8. Nc3 h6 9. Bd3 Qe7 10. Bf4 d6 11. exd6 cxd6 12. Nb5 Qxe4+ 13. Bxe4 0-0 14. Bxd6 Bxd6 15. Nxd6 Rd8 16. 0-0-0 Rb8 17. Bxc6 bxc6 18. Ne5 Bb7 19. Nxb7 Rxd1+ 20. Rxd1 Rxb7 21. Nxc6 Nc4 22. b3 Nb6 23. c4 Kh7 24. Nd4 a5 25. a4 Nd7 26. Kc2 Nc5 27. Nb5 Re7 28. Rd5 Re2+ 29. Kd1 Rd2+ 30. Rxd2 1-0

[Event "Titled Tuesday intern op 16th Jan Early"]
[Site "Chess.com INT"]
[Date "2024.01.16"]
[Round "3"]
[White "Weishaeutel, Moritz"]
[Black "Kukhmazov, Arsen"]
[Result "0-1"]
[WhiteElo "2387"]
[BlackElo "2498"]
[PlyCount "90"]
[EventDate "2024.01.16"]
[EventType "swiss (blitz)"]
[EventRounds "11"]
[EventCountry "USA"]
[SourceTitle "CB04_2024"]
[SourceDate "2023.10.16"]
[SourceVersion "1"]
[SourceVersionDate "2023.10.16"]
[SourceQuality "1"]

1. e4 c6 2. c4 d5 3. exd5 cxd5 4. d4 Nf6 5. Nc3 Nc6 6. Nf3 Be6 7. Qb3 Na5 8. Qb5+ Bd7 9. cxd5 e6 10. Qe2 Be7 11. dxe6 Bxe6 12. Qd1 0-0 13. Be2 Rc8 14. 0-0 Nd5 15. Bd2 Nc4 16. Bxc4 Rxc4 17. Qe2 Rc8 18. a3 Nxc3 19. Bxc3 Bc4 20. Qe4 Bxf1 21. Rxf1 Bf6 22. Qxb7 Rc7 23. Qb3 Qd7 24. Ne5 Qf5 25. h3 h5 26. Re1 Rfc8 27. Re3 Re7 28. Rf3 Qe4 29. Re3 Qb1+ 30. Kh2 Qf5 31. Rf3 Qe6 32. Qd1 Qd5 33. Rxf6 Rxe5 34. Rf3 Re6 35. Qd2 Rce8 36. Qd3 Re4 37. Rg3 g6 38. Qd2 Kh7 39. Rg5 Qd6+ 40. Kg1 Re2 41. Qd3 Re1+ 42. Bxe1 Rxe1+ 43. Qf1 Rxf1+ 44. Kxf1 Qxd4 45. Kg1 Qxb2 0-1